| 000 | 00933nam a2200265 i 4500 | ||
|---|---|---|---|
| 001 | 61312 | ||
| 003 | ES-MaACL | ||
| 005 | 20250522194944.0 | ||
| 007 | t| | ||
| 008 | 031111s1978 sp ||||1| spa d | ||
| 020 | _a84-85361-08-3 | ||
| 245 | 0 | 0 |
_aExtremadura saqueada _b: recursos naturales y autonomía regional / _c[coordinación, Mario Gaviria, José Manuel Naredo, Juan Serna]. |
| 260 |
_a[Barcelona] : _bRuedo Ibérico, _c[1978] |
||
| 300 |
_aXII, 647 p. ; _c24 cm. |
||
| 650 | 4 |
_aRecursos naturales- _zExtremadura. _9171697 |
|
| 650 | 4 |
_aReforma agraria- _zExtremadura. _9171698 |
|
| 651 | 4 |
_aExtremadura- _xSituación económica. _9171699 |
|
| 651 | 4 |
_aExtremadura- _xSituación social. _9171700 |
|
| 700 | 0 |
_aGaviria, Mario. _956091 |
|
| 700 | 1 |
_aNaredo, José Manuel _984944 |
|
| 700 | 1 |
_aSerna, Juan. _9171701 |
|
| 710 | 2 |
_aÉditions Ruedo ibérico. _9145333 |
|
| 852 |
_aES-MaACL _jA-10098 |
||
| 999 |
_c61312 _d61312 |
||